| 000 | 01041nam a2200301 c 4500 | ||
|---|---|---|---|
| 003 | BLK | ||
| 005 | 20180420213707.0 | ||
| 008 | 180412b bul|||||r ||||||| ||bul|| | ||
| 010 | _aKNG00004612000 | ||
| 020 |
_a954-8105-04-7 _bиздат.: Технотрейд-БНС |
||
| 040 | _aBLK | ||
| 041 |
_aBUL _cBUL |
||
| 080 |
_aТърговско право _b347.7 _x(73) _z347.7(73) |
||
| 139 |
_aЗащита на търговската тайна _bЗ 43 |
||
| 245 | 1 | 0 |
_aЗащита на търговската тайна _bОт практиката на САЩ |
| 257 | _aUSA | ||
| 260 |
_аСофия _bТехнотрейд-БНС _c1994 |
||
| 300 |
_a232 с. _c20 см |
||
| 380 | _a3 | ||
| 500 | _aБез сведение за ориг. загл ; 1 000 тир. | ||
| 650 | 4 |
_aТърговско право - САЩ _9247427 |
|
| 653 | _aтърговско право | ||
| 852 | _aЦб 181811 | ||
| 856 | 4 |
_qpdf _u |
|
| 856 | 4 |
_qpdf _u |
|
| 942 |
_cKNG _n0 |
||
| 944 |
_aCR _c15.01.2003 _kГеновева_Генчева |
||
| 944 |
_aED _c18.03.2004 _k |
||
| 999 |
_c3516 _d3516 |
||